[Event "Palma de Mallorca FIDE GP"]
[Site "Palma de Mallorca"]
[Date "2017.11.24"]
[Round "8"]
[White "Li, Chao B"]
[Black "Giri, Anish"]
[Result "1-0"]
[WhiteElo "2741"]
[BlackElo "2762"]
[Annotator "Sumets,A"]
[PlyCount "79"]
[EventDate "2017.11.16"]
[EventType "swiss"]
[EventRounds "9"]
[EventCountry "ESP"]
[SourceTitle "CBM 182"]
[Source "ChessBase"]
[SourceDate "2018.01.17"]
[SourceVersion "1"]
[SourceVersionDate "2018.01.17"]
[SourceQuality "1"]

1. d4 d5 2. c4 c6 3. cxd5 cxd5 4. Nf3 {Usually White prefers other move orders:
4.Bf4 Nf6 5.e3 Nc6 6.Nc3 or 4.Nc3 Nf6; Black can try 4...e5!? 5.Bf4 Nc6 6.e3.}
Nf6 5. Nc3 Nc6 6. Bf4 Bf5 7. e3 e6 8. Qb3 {According to modern theory, this
line is not very dangerous for Black. However White still can ask some
questions.} Bb4 {This is considered as the reliable move, in most cases Black
can easily solve his opening problems.} ({As an alternative we can consider} 
8... Qb6 9. Qxb6 axb6 10. Bb5 (10. a3 {Ivanchuk,V (2776)-Nakamura,H (2774)
Bazna Kings 5th 2011 (10) 1-0}) 10... Bb4 11. O-O Ke7 12. Rfc1 Nd7 ({My
engines recommend} 12... Bxc3 $5 $146 {The b6-pawn is not in danger but White
has got the bishop pair:} 13. Rxc3 Rhc8 {White has nothing after} 14. Nh4 ({or
} 14. h3 Na7 15. Bf1 Rxc3 16. bxc3 Ne4 17. c4 dxc4 18. Bxc4 b5 19. Bb3 Nc3 $11)
14... Ne4 $1 15. Nxf5+ exf5 16. Rcc1 g5 17. Bg3 f4 18. exf4 Nxd4 19. Rxc8 Rxc8
20. Bd3 g4 $13 21. Re1 Kd6 22. Bh4 Re8 23. a3 Nf5 $11) 13. Na4 Ra5 14. Bxc6
bxc6 15. Nxb6 $1 Nxb6 16. Ne5 Rc8 $8 17. Nxc6+ Rxc6 18. Rxc6 Nc4 19. b3 Nd2 20.
Rcc1 Kf6 21. f3 Ba3 22. Rc7 Bb4 23. Rb7 Nxb3 24. Rf1 Nd2 $2 (24... Bd3 $1 25.
Rxb4 Bxf1 26. axb3 Ra1 {and Black should make a draw}) 25. Rc1 $1 $18 Ra4 (
25... Rxa2 26. Be5+ Kg6 27. Rxb4 $18) 26. Rcc7 Bg6 27. h4 h5 28. e4 Nxe4 29.
fxe4 dxe4 30. g4 {1-0 (30) Vachier Lagrave,M (2768)-Batchuluun,T (2513)
Tromsoe 2014}) 9. Ne5 $1 {Nowadays Black has some problems after this move.}
Qb6 (9... O-O {Black doesn't get an equal position} 10. Nxc6 Bxc3+ 11. Qxc3
bxc6 12. Qa3 Qb6 13. Ba6 Nd7 14. Rc1 f6 $6 15. Bd6 $1 Rfe8 16. O-O e5 17. dxe5
fxe5 18. Rc3 $16 Re6 $2 19. Rb3 Qd8 20. Bb7 $18 {Heimann,A (2573)
-Solodovnichenko,Y (2576) Chartres FRA 2017 1-0 (42)}) ({Up to the moment,
White hasn't got anything significant after} 9... Bxc3+ $5 10. Qxc3 (10. bxc3
Nxe5 11. Bxe5 O-O 12. Be2 (12. Qxb7 Rc8 13. Ba6 Rxc3 14. O-O Ne4 15. Rac1 Rxc1
16. Rxc1 Qa5 $11) 12... Rc8 13. O-O Ne4 14. Qxb7 f6 15. Bg3 Rf7 16. Qa6 Nxc3
17. Rfc1 Nxe2+ 18. Qxe2 $11 {Akobian,V (2617)-Bu,X (2670) Istanbul 2012 1/2 
(31)}) 10... Nxe5 11. Bxe5 O-O 12. Qb4 Rc8 (12... Qb6 13. Qxb6 axb6 14. Bxf6 (
14. f3 $5 Rfc8 15. g4 Bg6 16. h4 h5 17. g5 Nd7 18. Bd6 Rc2 19. Rh2 Rac8 20.
Rxc2 Rxc2 21. b3 $14) 14... gxf6 15. Be2 Rfc8 16. Bd1 Bc2 17. Kd2 Bxd1 18.
Rhxd1 $11 {1/2 (33) Cernousek,L (2486)-Danin,A (2584) Teplice CZE 2016}) 13.
Be2 Rc2 14. Bd1 Rc4 15. Qa3 Qb6 16. O-O Rfc8 17. Bb3 R4c6 18. Ba4 Rc4 19. Bb3 {
1/2 (19) Martinovic,S (2513)-Erdos,V (2608) Sibenik 2011}) 10. Nxc6 bxc6 11.
Be2 Ne4 12. f3 Nxc3 13. bxc3 Be7 14. c4 Qxb3 15. axb3 Bb4+ 16. Kf2 a5 17. Rhc1
(17. g4 Bg6 18. Rhc1 (18. h4 h5 19. g5 Ra7 20. Rhc1 Kd7 21. Be5 Rg8 22. Ra2 Rb7
23. c5 Ke7 24. Bd6+ Kd7 25. Kg3 f6 26. Kf4 Kd8 27. e4 $14 {Just,J (2182)-Nemec,
Z (2078) ICCF email 2015 1-0 (104)}) 18... Bd2 19. Rd1 Bb4 20. Ra2 (20. cxd5
cxd5 21. Rdc1 O-O 22. Rc7 h5 23. gxh5 Bxh5 24. Bb5 Rfc8 25. Rac1 Rxc7 26. Rxc7
Bg6 27. Bc6 Rf8 28. e4 dxe4 29. fxe4 f6 {It seems to me that Black should make
a draw}) 20... Kd7 21. h4 h6 ({after} 21... h5 22. g5 {Black needs to keep an
eye on the g7-pawn}) 22. h5 Bh7 23. c5 Ra7 (23... Rhg8 24. Bd6 f6 25. Kg3 g6
26. Bd3 f5 27. hxg6 Bxg6 28. Rh2 fxg4 29. Bxg6 Rxg6 30. fxg4 Rag8 31. Rdh1
Rxg4+ 32. Kf3 R4g6 33. Rxh6 Rxh6 34. Rxh6 Rg7 35. Be5 Rf7+ 36. Ke2 Re7 37. Rh8
Re8 {Of course White has an advantage but I don't see how he can improve his
position.}) 24. Bd6 Rha8 25. Bd3 Bxd3 26. Rxd3 f6 27. e4 Ke8 28. exd5 cxd5 (
28... exd5 29. Re3+ Kf7 30. Rae2 Kg8 31. Kg3 Kh7 32. Kf4 $16) 29. Re2 Kd7 30.
Rde3 Re8 31. f4 $1 $16 {1-0 (41) Gajewski,G (2634)-Fressinet,L (2668) Chartres
FRA 2017}) (17. Ra2 {Maiorov,N (2535)-Atalik,S (2619) Kavala op 20th 2011 (5)
1-0}) 17... Kd7 18. g4 $1 {This is part of White's plan He wants to put
Black's bishop on g6 and then White can play cxd5 exd5 e4.} Bg6 19. cxd5 ({
In correspondence chess White won after} 19. Ra2 h5 20. g5 f6 {It's seems to
be quite a logical move, otherwise after Be5 Black would be forced to play ...
Rg8.} 21. Bf1 Rhc8 22. h4 Bf5 23. c5 Ke7 24. Bg2 Bh7 25. e4 Re8 26. Bd6+ Kf7
27. Rg1 $14 {Baranowski,T (2371)-Waltmans, F (2328) ICCF email 2015 1-0 (78)})
19... exd5 20. e4 $1 {Objectively, White has an advantage after this move, and
Black faces problems that are not easy to solve over the board.} dxe4 21. d5 c5
$2 ({It was difficult to understand how dangerous is White's initiative after} 
21... cxd5 $1 22. Rc7+ {without preparation.} Ke8 $1 (22... Ke6 {I believe
that Black still has problems after this move.} 23. Rac1 e3+ $1 {It seems to
be the only move. Now White should take with the bishop, so Black will get a
tempo for ...Rhd8:} (23... Rhd8 24. R1c6+ Bd6 {despite the two extra pawns,
Black is in danger.} 25. Ba6 exf3 (25... f5 $2 26. Bb7 Rab8 27. fxe4 fxe4 28.
Ke3 Be8 29. Ra6 Bb5 30. Rb6 Be8 31. Kd4 $18) 26. Bb7 Rab8 27. Kxf3 Be4+ (27...
h5 28. Ke3 hxg4 29. Kd4 Be4 30. Rb6 g5 31. Bg3 f5 32. Be5 f4 33. Rcc6 Rxb7 34.
Rxb7 f3 35. Bg3 {and White should win the game}) 28. Ke3 f5 29. Kd4 fxg4 30.
Rxg7 h5 31. Rb6 h4 32. Rc7 $18) 24. Bxe3 $1 (24. Kxe3 d4+ 25. Kxd4 Rhd8+ 26.
Kc4 Bd2 $11) 24... Rhd8 25. f4 f5 26. Rxg7 Rac8 $11) 23. Bb5+ (23. Rd1 Rd8 24.
Bb5+ Kf8 25. Bc6 d4 26. Bxe4 Bxe4 27. fxe4 h5 28. g5 Kg8 29. Ke2 Kh7 30. Rxf7
Rhf8 $11) (23. Rac1 h5 24. Bb5+ Kf8 25. Rc8+ Ke7 26. R1c7+ Kf6 27. Rxh8 Rxh8
28. Rc6+ Ke7 29. Rc7+ Kf6 30. Rc6+ $11) 23... Kf8 24. Rac1 exf3 25. Rc8+ Ke7
26. R1c7+ $1 (26. R8c7+ Kf8 27. Rc8+ Ke7 28. R1c7+ Kf6 29. Rc6+ Ke7) 26... Kf6
(26... Ke6 27. Bd7+) 27. Rc6+ Ke7 28. R8c7+ Kf8 29. Bg5 f6 30. Rxf6+ Kg8 (30...
gxf6 31. Bh6+ Kg8 32. Rg7+ Kf8 33. Ra7+ $18) 31. Rb6 $16) 22. Bb5+ Kd8 23. Bd6
$1 $16 {Despite an extra pawn, Black's position is very difficult. After Bc6
White will gain 2 pawns.} Rc8 (23... exf3 24. Bc6 Ra7 (24... Rc8 25. Bxc5 Bxc5+
26. Rxc5 Ke7 27. Raxa5 $16) 25. Bxc5 Bxc5+ 26. Rxc5 Ke7 27. b4 Kd6 28. Rcxa5
$16) (23... h5 24. g5) 24. Bc6 h5 25. g5 {Li Chao doesn't want to open the
h-file.} (25. h3 $2 hxg4 26. hxg4 exf3 $11) 25... exf3 26. Bxc5 Bxc5+ 27. Rxc5
Re8 28. Rcxa5 Re2+ 29. Kxf3 Rxh2 {Anish managed to regain the pawn but his
position is hopeless.} 30. b4 $6 ({White could have won quickly after} 30. Ra7
$1 Rc7 (30... Rc2 31. Rd7+ Ke8 32. Rc7+ Kd8 33. Rb7 R2xc6 (33... Rc3+ 34. Kf4
$18) 34. dxc6 Rxc6 35. Ra8+ Rc8 36. Rxc8+ Kxc8 37. Ra7 $18) 31. b4 Rb2 32. Ra8+
Rc8 33. Rxc8+ Kxc8 34. d6 $18) 30... Kc7 31. b5 $6 {After this move Black has
good chances to make a draw.} (31. Ra7+ Kd6 32. Re1 $1 (32. Rd7+ Ke5 33. b5 h4
34. b6 Rb8 35. b7 Be4+ 36. Ke3 Rh3+ 37. Kd2 Rh2+ 38. Kc3 Rc2+ 39. Kb3 Rxc6 40.
dxc6 Bxc6 41. Ra5+ Ke6 $11) 32... Rd8 33. Ra6 Rd2 34. Ba8+ Kd7 35. b5 $16 {
White should win the game.}) 31... Rh3+ 32. Kf2 $6 (32. Kg2 Rd3 33. Ra7+ Kd6
34. Rd7+ Kc5 35. Rc1+ Kd4 36. Re7 Rd8 37. b6 Be4+ 38. Kg1 $16 {White still has
good chances to win the game.}) 32... Rb3 $2 (32... Rb8 $1 {And Black's
chances are not worse, for example.} 33. Rd1 Kd6 34. Ra7 Rd3 35. Rd7+ Kc5 36.
Rc1+ Kb6 37. Re7 h4 38. Rc4 h3 39. Rh4 Bf5 40. Rxf7 g6 41. Ke2 Rb3 42. d6 Rd8
43. d7 Bd3+ 44. Kf2 Bxb5 $11) 33. Ra7+ Kd6 34. Rd7+ Kc5 $6 (34... Ke5 $1) 35.
Rc1+ Kd4 36. d6 $18 Rb2+ 37. Kg1 Bf5 38. Rxf7 g6 39. d7 Rd8 40. Re7 1-0

[Event "EU-ch 2nd"]
[Site "Ohrid"]
[Date "2001.06.02"]
[Round "2"]
[White "Cvitan, Ognjen"]
[Black "Kiroski, Toni"]
[Result "1-0"]
[WhiteElo "2526"]
[BlackElo "2403"]
[Annotator "Wells,P"]
[PlyCount "49"]
[EventDate "2001.06.01"]
[EventType "swiss"]
[EventRounds "13"]
[EventCountry "YUG"]
[SourceTitle "CBM 084"]
[Source "ChessBase"]
[SourceDate "2001.09.13"]
[SourceVersion "1"]
[SourceVersionDate "2001.09.13"]
[SourceQuality "1"]

1. d4 d5 2. Nf3 Nf6 3. c4 c6 4. cxd5 cxd5 5. Nc3 Nc6 6. Bf4 Bf5 7. e3 e6 8. Bb5
Nd7 9. Qb3 Be7 10. Rc1 O-O 11. O-O Rc8 12. a3 a6 13. Bxc6 bxc6 14. Na4 $14 c5 {
Superficially this break might be expected to solve many of black's woe's, and
indeed liquidation of the backward c-pawn, and competition for the c5 square
are essential and beyond criticism. However, what is interesting is the extent
to which black's queenside remains weak. The f4 bishop in covering b8 is
optimally placed to facilitate play on this wing, but ironically its
counterpart on f5 is unable to influence in any way the main sphere of battle.}
15. dxc5 Nxc5 (15... Bxc5 $5 $14) 16. Nxc5 Bxc5 {[%csl Ra6,Rc6,Gf5][%cal Yf4b8]
} (16... Rxc5 17. Nd4 Bg6 18. Nc6 Qd7 19. Qb6 $5 $36) 17. Rc3 $1 {Not a
difficult move, but it does very graphically highlight black's problems. It is
instructive that after the exchange of queens, even black's dark squared
bishop becomes a problem piece!} Qb6 $6 (17... Be7 $14) 18. Qxb6 Bxb6 19. Rfc1
$16 Rxc3 20. Rxc3 {[%csl Ra6,Rb6]} a5 21. Rc6 Bd8 22. Bd6 Re8 23. Rc8 $18 {
[%csl Rd8,Re8]} e5 24. Rb8 e4 25. Ne5 1-0